000 00571nam a2200205 a 4500
001 10607
003 CO-ViMGA
008 141112s2004 ck r 000 u spa d
020 _a9581401061
040 _aCO-ViMGA
_bspa
_cCO-ViMGA
082 0 4 _a301.2 O21h
100 1 _aOcampo López ; Javier,
_914421
245 1 0 _aHistoria de la Cultura HispanoAméricana siglo XX
260 _aBogotá :
_bPlaza y Janes,
_c1987
300 _a297p.
650 1 4 _aAmérica LATINA - CIVILIZACION
_914422
650 1 4 _aCULTURA
650 1 4 _aHISTORIA - SIGLO XX
_97518
942 _2ddc
_cBK
999 _c21915
_d21915